<?xml version="1.0" encoding="UTF-8"?>
<record
    xmlns:xsi="http://www.w3.org/2001/XMLSchema-instance"
    xsi:schemaLocation="http://www.loc.gov/MARC21/slim http://www.loc.gov/standards/marcxml/schema/MARC21slim.xsd"
    xmlns="http://www.loc.gov/MARC21/slim">

  <leader>00505nam a22001937a 4500</leader>
  <controlfield tag="003">3228</controlfield>
  <controlfield tag="005">20250918121453.0</controlfield>
  <controlfield tag="008">eng</controlfield>
  <datafield tag="020" ind1=" " ind2=" ">
    <subfield code="a">9781407456645</subfield>
  </datafield>
  <datafield tag="040" ind1=" " ind2=" ">
    <subfield code="a">RDA</subfield>
    <subfield code="c">3228</subfield>
  </datafield>
  <datafield tag="082" ind1=" " ind2="0">
    <subfield code="a">LP EF LEIT</subfield>
  </datafield>
  <datafield tag="100" ind1=" " ind2=" ">
    <subfield code="a"> LEITH, Prue  </subfield>
  </datafield>
  <datafield tag="245" ind1=" " ind2=" ">
    <subfield code="a">Serving of scsndal</subfield>
    <subfield code="b">A serving of scandal</subfield>
    <subfield code="c">Prue Leith</subfield>
  </datafield>
  <datafield tag="260" ind1=" " ind2=" ">
    <subfield code="a">Leicester</subfield>
    <subfield code="b">W F Howes Ltd</subfield>
    <subfield code="c">2010</subfield>
  </datafield>
  <datafield tag="300" ind1=" " ind2=" ">
    <subfield code="a">426 pages</subfield>
    <subfield code="c">24 centimeters</subfield>
  </datafield>
  <datafield tag="650" ind1=" " ind2="0">
    <subfield code="9">182881</subfield>
    <subfield code="a">ENGLISH FICTION</subfield>
  </datafield>
  <datafield tag="942" ind1=" " ind2=" ">
    <subfield code="w">170</subfield>
    <subfield code="x">Busisiwe Dlamini</subfield>
    <subfield code="y">170</subfield>
    <subfield code="z">Busisiwe Dlamini</subfield>
  </datafield>
  <datafield tag="942" ind1=" " ind2=" ">
    <subfield code="2">ddc</subfield>
    <subfield code="c">BOOK</subfield>
    <subfield code="k">LP EF </subfield>
    <subfield code="m">LEIT</subfield>
  </datafield>
  <datafield tag="999" ind1=" " ind2=" ">
    <subfield code="c">786027</subfield>
    <subfield code="d">786026</subfield>
  </datafield>
  <datafield tag="952" ind1=" " ind2=" ">
    <subfield code="0">0</subfield>
    <subfield code="1">0</subfield>
    <subfield code="2">ddc</subfield>
    <subfield code="4">0</subfield>
    <subfield code="7">0</subfield>
    <subfield code="8">F</subfield>
    <subfield code="a">THANPL</subfield>
    <subfield code="b">THANPL</subfield>
    <subfield code="c">GEN</subfield>
    <subfield code="d">2025-09-18</subfield>
    <subfield code="l">0</subfield>
    <subfield code="o">LP EF LEIT</subfield>
    <subfield code="p">33228031062415</subfield>
    <subfield code="r">2025-09-18</subfield>
    <subfield code="w">2025-09-18</subfield>
    <subfield code="y">BOOK</subfield>
  </datafield>
</record>
